Revitalization of Territories and the Use of SMART Information Technologies as Methods and Means for the Restoration and Preservation of Cultural Heritage in Tourist Destinations

Využitie informačných SMART technológií pri budúcej rekonštrukcii miest a obnove území Ukrajiny, ktoré boli zničené počas vojenských akcií a zachovanie kultúrneho dedičstva v turistických destináciách.

Salvato in:
Dettagli Bibliografici
Autore principale: Yermachenko, Volodymyr
Natura: Capitolo di libro
Lingua:inglese
Soggetti:
Tags: Aggiungi Tag
Nessun Tag, puoi essere il primo ad aggiungerne!!

MARC

LEADER 00000naa a2200000 4500
001 0299960
005 20240417075311.2
041 0 |a eng 
044 |a SK 
245 1 0 |a Revitalization of Territories and the Use of SMART Information Technologies as Methods and Means for the Restoration and Preservation of Cultural Heritage in Tourist Destinations  |c Volodymyr Yermachenko 
520 |a Využitie informačných SMART technológií pri budúcej rekonštrukcii miest a obnove území Ukrajiny, ktoré boli zničené počas vojenských akcií a zachovanie kultúrneho dedičstva v turistických destináciách. 
610 2 0 |a technológie inteligentné 
610 2 0 |a technológie informačné 
610 2 0 |a digitalizácia 
610 2 0 |a internet vecí 
610 2 0 |a realita virtuálna 
610 2 0 |a ruch cestovný 
610 2 0 |a dedičstvo kultúrne 
610 2 0 |a revitalizácia 
610 2 0 |a Ukrajina 
100 1 |a Yermachenko, Volodymyr